|
|
|
|
| LEADER |
00000nam0a2200000 4500 |
| 001 |
55944 |
| 005 |
20231031053004.0 |
| 035 |
|
|
|a (RuTPU)RU\TPU\book\58734
|
| 090 |
|
|
|a 55944
|
| 100 |
|
|
|a 20030923d1984 m y0rusy50 ca
|
| 101 |
0 |
|
|a rus
|
| 102 |
|
|
|a RU
|
| 105 |
|
|
|a a j 001zy
|
| 200 |
1 |
|
|a Теория и расчет импульсных и цифровых оптико-электронных систем
|e учебное пособие
|f Е. Г. Лебедько, Л. Ф. Порфирьев, Ф. И. Хайтун
|
| 210 |
|
|
|a Ленинград
|c Машиностроение
|d 1984
|
| 215 |
|
|
|a 191 с.
|c ил.
|
| 320 |
|
|
|a Библиогр.: с. 187-189
|
| 610 |
1 |
|
|a оптико-электронные системы
|
| 610 |
1 |
|
|a импульсные системы
|
| 610 |
1 |
|
|a цифровые системы
|
| 610 |
1 |
|
|a теория
|
| 610 |
1 |
|
|a расчеты
|
| 610 |
1 |
|
|a импульсные сигналы
|
| 610 |
1 |
|
|a параметры
|
| 610 |
1 |
|
|a оценка
|
| 610 |
1 |
|
|a математические исследования
|
| 610 |
1 |
|
|a устойчивость
|
| 610 |
1 |
|
|a точность
|
| 610 |
1 |
|
|a учебные пособия
|
| 675 |
|
|
|a 621.383(075.8)
|v 3
|
| 700 |
|
1 |
|a Лебедько
|b Е. Г.
|g Евгений Георгиевич
|
| 701 |
|
1 |
|a Порфирьев
|b Л. Ф.
|g Леонид Федорович
|
| 701 |
|
1 |
|a Хайтун
|b Ф. И.
|g Флавий Израилевич
|
| 801 |
|
1 |
|a RU
|b 63413507
|c 20030923
|g PSBO
|
| 801 |
|
2 |
|a RU
|b 63413507
|c 20150601
|g PSBO
|
| 942 |
|
|
|c BK
|